000 00860nam a22002295i 4500
001 161142
003 ES-MaACL
005 20240125062631.0
008 020912s1899 fr |||| | fre d
040 _aCCPB | B
_bspa
_cCCPB | B
100 1 _aOssip-Lourié (
_d1868-1955)
_987790
245 1 3 _aLa philosophie de Tolstoï /
_cpar Ossip-Lourié.
260 _aParis :
_bancienne Librairie Germer Baillière et C\pie\s, Félix Alcan, éditeur,
_c1899 (
_eÉvreux :
_fimprimerie de Charles Hérissey)
300 _a198 p. ;
_c18 cm.
490 1 _aBibliothèque de philosophie contemporaine
600 1 4 _aTolstói, Lev,
_d1828-1910
_9110489
752 _aFrancia -
_dParís
752 _aFrancia -
_dEvreux
830 0 _aBibliothèque de philosophie contemporaine
_9181027
852 _aES-MaACL
_jF-11598
_z-- Enc. pasta española
999 _c161142
_d161142